55 cat kemasan tiruan

Bibliographic Details
Main Author: Gelfand, Jono
Other Authors: Azimah Muhamad Nor
Format: Book
Published: Kuala Lumpur : Utusan Publications & Distibutors , 2004
Series:Jom reka
Subjects:

MARC

LEADER 00000cam a2200000 7i4500
001 0000017104
005 20080508.0
008 080508
020 |a 9676118273 
090 0 0 |a 747.3   |b GEL 
100 1 |a Gelfand, Jono 
245 1 0 |a 55 cat kemasan tiruan   |c Jono Gelfand ; penterjemah oleh Azimah Muhamad Nor 
260 |a Kuala Lumpur :   |b Utusan Publications & Distibutors ,   |c 2004 
440 |a Jom reka 
650 0 |a Houses painting 
650 0 |a Interior decaration 
700 1 |a Azimah Muhamad Nor 
999 |a 0001013687   |b Book   |c Adult Collection   |e Cawangan Urban Transformation Centre 
999 |a 0001013688   |b Book   |c Adult Collection   |e Cawangan Urban Transformation Centre 
999 |a 0001013689   |b Book   |c Adult Collection   |e Cawangan Urban Transformation Centre 
999 |a 0001013690   |b Book   |c Adult Collection   |e Perbadanan Perpustakaan Awam Johor 
999 |a 0001044140   |b Book   |c Adult Collection   |e Cawangan Bandar Penawar 
999 |a 0001044141   |b Book   |c Adult Collection   |e Cawangan Tangkak 
999 |a 0001044142   |b Book   |c Adult Collection   |e Cawangan Mersing 
999 |a 0001070294   |b Book   |c Adult Collection   |e Cawangan Mersing